Recull històric de Castellar del Riu /
ISBN:
9788412187298
Descripción Física:
126 pàgs. ; il.col. ; 22 cm.
Materias:
Castellar del Riu
; Castellar del Riu (Catalunya) -- Geografia
; Castellar del Riu (Catalunya) -- Vida social i costums
; Castellar del Riu (Catalunya) -- Història
Idioma:
Catalán
MARC
| LEADER | 00000nam a2200000 4500 | ||
|---|---|---|---|
| 001 | 26877 | ||
| 003 | Arxiu | ||
| 005 | 20260324181143.0 | ||
| 017 | |a B 8638-2022 | ||
| 020 | |a 9788412187298 | ||
| 040 | |a agdb | ||
| 041 | |a cat | ||
| 100 | |9 54485 |a Sanjuan Saló, Albert | ||
| 245 | |a Recull històric de Castellar del Riu / |c Albert Sanjuan Saló | ||
| 250 | |a Primera edició | ||
| 260 | |a Berga : |b La Patumaire ; |c 2022 | ||
| 300 | |a 126 pàgs. ; |b il.col. ; |c 22 cm. | ||
| 504 | |a Conté bibliografia consultada | ||
| 651 | 0 | |9 50840 |a Castellar del Riu | |
| 651 | 0 | |a Castellar del Riu (Catalunya) |x Geografia |9 54486 | |
| 651 | 0 | |a Castellar del Riu (Catalunya) |x Vida social i costums |9 54487 | |
| 651 | 0 | |a Castellar del Riu (Catalunya) |x Història |9 54488 | |
| 942 | |2 udc |n 1 |c ARXIU | ||
| 952 | |0 0 |1 0 |2 udc |4 0 |6 BIB994 |7 1 |9 63991 |a Arxiu |b Arxiu |d 2022-10-17 |l 0 |o Bib-994 |p 26877 |r 2022-10-17 00:00:00 |w 2022-10-17 |y ARXIU | ||
| 999 | |c 82709 |d 82709 | ||